Matrimonio y familia

Uloženo v:
Podrobná bibliografie
Hlavní autor: Florez, Gonzalo (Autor)
Médium: Kniha
Jazyk:španělština
Vydáno: Madrid Biblioteca de Autores Cristianos 2005
Vydání:2a. ed
Edice:Sapientia Fidei. Serie de Manuales de Teología, 12
Témata:
Tagy: Přidat tag
Žádné tagy, Buďte první, kdo vytvoří štítek k tomuto záznamu!

MARC

LEADER 00000cam a2200000 a 4500
001 UCF8718
003 CL-VaPUC
008 131004e20050000sp |||||||||||||||||spa|d
020 |a 9788479148089 
082 0 4 |a 248.4  |b FLO  |2 21 
100 0 |a Florez, Gonzalo  |e author  |9 570855 
245 1 0 |a Matrimonio y familia 
250 |a 2a. ed 
300 |a 285 p 
942 |c BK 
945 |d 20131004 22:02:00  |a cmena 
260 |a Madrid  |b Biblioteca de Autores Cristianos  |c 2005 
650 0 |a Vida cristiana  |9 258753 
650 0 |a Familia cristiana  |9 311439 
650 7 |a MATRIMONIO  |2 CL-VaPUC  |9 570856 
650 0 |a Familias   |9 255641 
650 7 |a DERECHO CANONICO  |2 CL-VaPUC  |9 570857 
583 |a last modification  |c 20131004 22:02:00  |k Rodrigo Vera 
490 0 |a Sapientia Fidei. Serie de Manuales de Teología, 12 
999 |c 353279  |d 353277 
952 |0 0  |1 0  |3 erb  |4 0  |6 248_400000000000000_FLO_2005  |7 0  |8 A  |9 458407  |a BIBTEO  |b BIBTEO  |d 2019-11-23  |i 501347K  |o 248.4 FLO 2005  |p 501347K  |r 2025-01-17  |w 2019-11-23  |y BK  |z Catalogado en:20131004  |k ICR